বিষয়বস্তু এড়িয়ে যান
VuFind
ভাষা
English
Deutsch
Español
Français
Italiano
日本語
Nederlands
Português
Português (Brasil)
中文(简体)
中文(繁體)
Türkçe
עברית
Gaeilge
Cymraeg
Ελληνικά
Català
Euskara
Русский
Čeština
Suomi
Svenska
polski
Dansk
slovenščina
اللغة العربية
বাংলা
Galego
Tiếng Việt
Hrvatski
हिंदी
সমস্ত ক্ষেত্রসমূহ
আখ্যা
লেখক
বিষয়
ডাক সংখ্যা
আইসবিএন/আইএসএসএন
ট্যাগ
অনুসন্ধান
বিস্তৃত
Nammude Kalakal
সাইট করুন
এই ই-মেইলটি
মুদ্রণ
নথি এক্সপোর্ট করুন
এক্সপোর্ট করুন RefWorks
এক্সপোর্ট করুন EndNoteWeb
এক্সপোর্ট করুন EndNote
permanent_link
লোডিং...
Nammude Kalakal
other_versions_link
গ্রন্থ-পঞ্জীর বিবরন
প্রধান লেখক:
Narayanan Kavumbayi
প্রকাশিত:
D C Books
হোল্ডিংস
বিবরন
other_versions_title
অনুরূপ উপাদানগুলি
স্টাফেদের বিবরণ দেখুন
LEADER
00186 a2200097 4500
020
260
|b
D C Books
942
|c
BK
|6
_
245
|a
Nammude Kalakal
100
|a
Narayanan Kavumbayi
999
|c
65005
|d
65005
অনুরূপ উপাদানগুলি
Nammude kalakal
অনুযায়ী: Narayanan Kavumbayi
প্রকাশিত: (2009)
Nammude kalakal
অনুযায়ী: Narayanan Kavumbai
প্রকাশিত: (2009)
നമ്മുടെ കലകൾ (Nammude Kalakal)
অনুযায়ী: നാരായണൻ കാവുമ്പായി (Narayanan kavumbayi)
প্রকাশিত: (2019)
Nammude kalakal /
অনুযায়ী: Prabhakaran, K.V
প্রকাশিত: (2010)
Nammude kalakal /
অনুযায়ী: Prabhakaran, K. V.
প্রকাশিত: (2010)
লোডিং...